Corazón de perro y otros relatos /
Gorde:
| Egile nagusia: | |
|---|---|
| Formatua: | Ezezaguna |
| Hizkuntza: | Spanish |
| Argitaratua: |
Rusia :
Editorial Raduga,
c1989.
|
| Gaiak: | |
| Etiketak: |
Etiketa erantsi
Etiketarik gabe, Izan zaitez lehena erregistro honi etiketa jartzen!
|
MARC
| LEADER | 000000000a22000000004500 | ||
|---|---|---|---|
| 001 | 006588 | ||
| 020 | |a 5050021111 | ||
| 041 | 0 | |a spa | |
| 082 | 0 | 4 | |a 891.734 |b B933c |
| 100 | 1 | |a Bulgakou, Mijail | |
| 245 | 1 | 0 | |a Corazón de perro y otros relatos / |c Mijail Bulgakou. |
| 260 | 1 | |a Rusia : |b Editorial Raduga, |c c1989. | |
| 300 | |a 333 páginas | ||
| 650 | 4 | |a LITERATURA RUSA | |
| 650 | 4 | |a CUENTOS | |
| 999 | |c 12082 |d 12082 | ||
| 942 | |c BK |h 891.734 B933c |2 z | ||



